| 000 | 00448nam a2200157Ia 4500 | ||
|---|---|---|---|
| 008 | 160316s2012 xxu||||| |||| 00| 0 eng d | ||
| 082 |
_a344.046000 _bPAT |
||
| 100 | _aPatro Lingaraj | ||
| 245 | _aEmerging agarian ecological crisis and food safety | ||
| 250 | _a | ||
| 260 |
_aNew Delhi _bMangalam Publishers & Distributors _c2012 |
||
| 300 |
_a324p _b _cv |
||
| 365 | _b Rs. 1,295 | ||
| 650 | _a1. Agarian Ecology 2. Food Safety | ||
| 700 |
_a _a |
||
| 999 |
_c32214 _d32214 |
||